Societies of social innovation (Record no. 14133)
[ view plain ]
| 000 -LEADER | |
|---|---|
| fixed length control field | 01169nam a2200301Ia 4500 |
| 100 1# - MAIN ENTRY--AUTHOR NAME | |
| Personal name | Gurruchaga, Ander. |
| 245 10 - TITLE STATEMENT | |
| Title | Societies of social innovation |
| 260 ## - PUBLICATION, DISTRIBUTION, ETC. (IMPRINT) | |
| Place of publication | Eastbourne : |
| Name of publisher | Sussex Academic Press, |
| Year of publication | 2013. |
| 300 ## - PHYSICAL DESCRIPTION | |
| Number of Pages | 233 p. |
| 650 #0 - SUBJECT ADDED ENTRY--TOPICAL TERM | |
| Topical Term | Social change. |
| Topical Term | Social evolution. |
| Topical Term | Technological innovations |
| 856 40 - ELECTRONIC LOCATION AND ACCESS | |
| Uniform Resource Identifier | http://site.ebrary.com/lib/rucke/Doc?id=10745647 |
No items available.
